000 00606nam a2200181 4500
008 0 1992 0a 000 0COL
020 _a958-600-109-1
050 _aQA76 73 C824
082 _a001.642 C246d
100 _aCorrea Uribe, Guillermo
245 _aDesarrollo de algoritmos y sus aplicaciones en basic, pascal, cobol y c, con su respectivo pseudocódigo / Guillermo Correa Uribe
250 _a3
260 _aColombia : McGraw Hill
300 _axi, 251 P. / 23 cm.
500 _aIncluye bibliografía
650 _a1.DISEÑO DE ALGORITMOS
700 _aPinzón H. Luis Fernando, Ed.
999 _c11971
_d11971